Is That Really in the Constitution? - Statistics

General Stats
  • This quiz has been taken 1,397 times
  • The average score is 10 of 15
Answer Stats
Question Answer % Correct
The President may be impeached In the Constitution
89%
More stars must be added to the flag for each state that joins Not
86%
The President is supreme commander of the armed forces In the Constitution
82%
The Supreme Court can never have more than twelve members Not
82%
Congress can overturn presidential vetoes In the Constitution
81%
States enjoy every privilege not given to the federal government (excluding those prohibited to both) In the Constitution
78%
Upon the President's death, the Vice President inherits the office In the Constitution
77%
Territories are given one non-voting delegate in the House Not
72%
Cruel and unusual punishment is prohibited in prisons In the Constitution
62%
The President and Vice President cannot be from the same state Not
62%
The President must take an oath of office at his inauguration In the Constitution
61%
The first act of every Congress must be to elect a House Speaker Not
50%
The Supreme Court can strike down unconstitutional laws Not
47%
Only men can vote (prior to the 19th Amendment) Not
44%
A permit for the creation of a capital district In the Constitution
36%
No matching quizzes found
Score Distribution
Percent of People with Each Score
Percentile by Number Answered
Your Score History
You have not taken this quiz